| 000 | 00851nam a2200265Ia 4500 | ||
|---|---|---|---|
| 003 | OSt | ||
| 005 | 20221005085425.0 | ||
| 006 | a|||||r|||| 00| 0 | ||
| 007 | ta | ||
| 008 | 221004b |||||||| |||| 00| 0 eng d | ||
| 020 |
_a0816047995 _c3294.75 |
||
| 024 | _a81980 | ||
| 037 |
_b77764, 30/03/2005, International Book Distributors _cTextual |
||
| 040 |
_aCRL _cCRL _beng |
||
| 041 |
_2eng _aeng |
||
| 082 | _aV73,8k, P4 (RR) | ||
| 100 |
_aSchultz David _9438752 |
||
| 245 | 0 | _aEncyclopaedia of public administration and public policy | |
| 260 |
_aNew York _bFacts on File U. S. A. _c2004 |
||
| 300 |
_a526p. _ccm. |
||
| 650 | _a HISTORY | ||
| 650 |
_aCIVIL SERVICE - AMERICA _9614182 |
||
| 942 |
_hV73,8k, P4 (RR) _cTEXL _2cc |
||
| 999 |
_c994214 _d994214 |
||